000 00353 a2200169 4500
001 189400
020 _a978-85-249-1912-1
040 _cMagnum
100 _aRogerio, Cris
240 1 0 _aCaramela caramelo
_lpor
245 1 0 _aCaramela caramelo
300 _a34
362 0 _a2012
440 1 _aCortez
697 _aLITERATURA INFANTO
942 _cBK
999 _c189400
_d189400